<?xml version="1.0" encoding="UTF-8"?><?xml-stylesheet type="text/xsl" href="static/style.xsl"?><OAI-PMH xmlns="http://www.openarchives.org/OAI/2.0/" xmlns:xsi="http://www.w3.org/2001/XMLSchema-instance" xsi:schemaLocation="http://www.openarchives.org/OAI/2.0/ http://www.openarchives.org/OAI/2.0/OAI-PMH.xsd"><responseDate>2026-04-17T03:19:58Z</responseDate><request verb="GetRecord" identifier="oai:www.recercat.cat:2072/331761" metadataPrefix="marc">https://recercat.cat/oai/request</request><GetRecord><record><header><identifier>oai:recercat.cat:2072/331761</identifier><datestamp>2024-12-13T10:37:11Z</datestamp><setSpec>com_2072_96871</setSpec><setSpec>com_2072_96852</setSpec><setSpec>com_2072_2015</setSpec><setSpec>col_2072_228899</setSpec></header><metadata><record xmlns="http://www.loc.gov/MARC21/slim" xmlns:dcterms="http://purl.org/dc/terms/" xmlns:xsi="http://www.w3.org/2001/XMLSchema-instance" xmlns:doc="http://www.lyncode.com/xoai" xsi:schemaLocation="http://www.loc.gov/MARC21/slim http://www.loc.gov/standards/marcxml/schema/MARC21slim.xsd">
   <leader>00925njm 22002777a 4500</leader>
   <datafield ind2=" " ind1=" " tag="042">
      <subfield code="a">dc</subfield>
   </datafield>
   <datafield ind2=" " ind1=" " tag="720">
      <subfield code="a">Lascurain Sánchez, María Luisa</subfield>
      <subfield code="e">author</subfield>
   </datafield>
   <datafield ind2=" " ind1=" " tag="720">
      <subfield code="a">Madera Jaramillo, María Jesús</subfield>
      <subfield code="e">author</subfield>
   </datafield>
   <datafield ind2=" " ind1=" " tag="720">
      <subfield code="a">Ortoll Espinet, Eva</subfield>
      <subfield code="e">author</subfield>
   </datafield>
   <datafield ind2=" " ind1=" " tag="720">
      <subfield code="a">Sanz Casado, Elías</subfield>
      <subfield code="e">author</subfield>
   </datafield>
   <datafield ind2=" " ind1=" " tag="520">
      <subfield code="a">El objetivo del presente trabajo es conocer algunas de las características de la actividad patentadora de la Comunidad de Madrid y analizar su relación con los recursos humanos y materiales que se dedican en dicha comunidad a las actividades de I+D+i, así como conocer el peso de esta actividad en la CM respecto al conjunto de España. Para ello, se han analizado las patentes concedidas entre 1996 y 2007 recogidas en la base de datos INVENES de la Oficina Española de Patentes y Marcas.</subfield>
   </datafield>
   <datafield ind2=" " ind1=" " tag="520">
      <subfield code="a">The objective of this paper is focused on analysing the patent activity of the Madrid Community taking into account the economic and human resources assigned to cover its R&amp;D&amp;I activities, as well as assessing the importance of the Madrid Community's patenting activity compared to Spain. The analysis covers patents awarded during the period 1996-2007 and included in the INVENES database of the Spanish Patent and Trade Mark Office.</subfield>
   </datafield>
   <datafield ind1="8" ind2=" " tag="024">
      <subfield code="a">Lascurain, L., Madera-Jaramillo, M., Ortoll Espinet, E. &amp; Sanz Casado, E. (2010). Capacidad innovadora de la Comunidad de Madrid a partir de las patentes concedidas entre 1996-2007. Revista Española de Documentación Científica, 33(3), 458-479. doi: 10.3989/redc.2010.3.761</subfield>
   </datafield>
   <datafield ind1="8" ind2=" " tag="024">
      <subfield code="a">0210-0614</subfield>
   </datafield>
   <datafield ind1="8" ind2=" " tag="024">
      <subfield code="a">10.3989/redc.2010.3.761</subfield>
   </datafield>
   <datafield ind1="8" ind2=" " tag="024">
      <subfield code="a">http://hdl.handle.net/10609/84255</subfield>
   </datafield>
   <datafield tag="653" ind2=" " ind1=" ">
      <subfield code="a">innovación</subfield>
   </datafield>
   <datafield tag="653" ind2=" " ind1=" ">
      <subfield code="a">Comunidad de Madrid</subfield>
   </datafield>
   <datafield tag="653" ind2=" " ind1=" ">
      <subfield code="a">patentes</subfield>
   </datafield>
   <datafield tag="653" ind2=" " ind1=" ">
      <subfield code="a">innovation</subfield>
   </datafield>
   <datafield tag="653" ind2=" " ind1=" ">
      <subfield code="a">Madrid Community</subfield>
   </datafield>
   <datafield tag="653" ind2=" " ind1=" ">
      <subfield code="a">patents</subfield>
   </datafield>
   <datafield tag="653" ind2=" " ind1=" ">
      <subfield code="a">innovació</subfield>
   </datafield>
   <datafield tag="653" ind2=" " ind1=" ">
      <subfield code="a">Comunitat de Madrid</subfield>
   </datafield>
   <datafield tag="653" ind2=" " ind1=" ">
      <subfield code="a">patents</subfield>
   </datafield>
   <datafield tag="653" ind2=" " ind1=" ">
      <subfield code="a">Technological innovations -- Madrid (Autonomous community)</subfield>
   </datafield>
   <datafield tag="653" ind2=" " ind1=" ">
      <subfield code="a">Innovacions tecnològiques -- Madrid (Comunitat autònoma)</subfield>
   </datafield>
   <datafield tag="653" ind2=" " ind1=" ">
      <subfield code="a">Innovaciones tecnológicas -- Madrid (Comunidad autónoma)</subfield>
   </datafield>
   <datafield ind2="0" ind1="0" tag="245">
      <subfield code="a">Capacidad innovadora de la Comunidad de Madrid a partir de las patentes concedidas entre 1996-2007</subfield>
   </datafield>
   <datafield ind2="0" ind1="0" tag="245">
      <subfield code="a">Capacity for innovation of the Madrid Community based on patents approved between 1996 and 2007</subfield>
   </datafield>
</record></metadata></record></GetRecord></OAI-PMH>